00581nam a2200169 a 450000500170000000800410001702000150005805000220007310000230009524500430011826000470016144000210020850000200022965000410024999900190029095201020030920140414131933.0110108s19uu xx 00 eng d a0756610702 aREF 550bR72 2005 aVan Rose, Susanna. aEarth. /cwritten by Susanna Van Rose. aNew York, NY :bDorling Kindersley,c2005. aEyewitness books aIncludes index. aEarth sciencesxJuvenile literature. c112311d112311 001040aMUbMUcREFd2011-01-08l0oREF 550 R72 2005pM3570r2014-04-14 00:00:00w2014-04-14yBK